| 000 | 00525nam a22001817a 4500 | ||
|---|---|---|---|
| 003 | DO-SdBNP | ||
| 005 | 20180302095555.0 | ||
| 008 | 180302b1997 xxu||||| |||| 00| 0 spa d | ||
| 040 |
_aBPMSU _beng _cBPMSU |
||
| 100 | _aKorman, Justine | ||
| 245 |
_aSanta claus and the three bears / _cJustine Korman ; Cathy Beylon ilus |
||
| 260 |
_aNew York _bInchworm _c1997 |
||
| 300 |
_a[ 17 p] _bil. _c22 cm |
||
| 700 | _aBeylon, Cathy ilustrador | ||
| 942 |
_2ddc _cBK |
||
| 945 | _ainventariado, 2018 / dg | ||
| 956 |
_adgarcia _b10 |
||
| 999 |
_c13342 _d13342 |
||